Arsenal et Equipement de The Legend Of Zelda : Twilight Princess - Statistiques

Statistiques générales
  • Ce quiz a été pris 240 fois
  • Le résultat moyen est 18 sur 30
Statistiques - réponses
Type de quiz Localisation Donné par Réponse % Correct
Arsenal Mine Goron Coffre Arc du Héros
97%
Arsenal Partout dans Hyrule (herbes, pots, Boutique de Crahmé) Bombe
94%
Arsenal Temple Abyssal, Célestia Coffre Grappin
89%
Arsenal Temple Sylvestre Coffre Bommerang Tornade
85%
Arsenal Ruines des Pics Blancs Coffre Boulet
80%
Arsenal Tour du Jugement Coffre Aérouage
79%
Arsenal Temple du Temps Coffre Bâton Anima
79%
Equipement Sanctuaire de la Forêt A retirer de son socle Excalibur
79%
Arsenal Toal Mère de Colin Canne à pêche
77%
Arsenal Partout dans Hyrule (herbes, pots, boutiques) Flèche
75%
Arsenal Toal Coffre, Bohdan Bottes de Fer
73%
Equipement Galeries Balder, Cocorico Achat Bouclier d'Hylia
73%
Equipement Cimetière Cocorico Luterra Tenue Zora
72%
Arsenal Forêt de Firone Kikolou Lanterne
70%
Arsenal Magasin de Toal Achat Lance-Pierre
69%
Arsenal Temple Abyssal, Boutique de Crahmé Coffre, Achat Hydro-Bombe
60%
Equipement Toal, Maison de Jaga Volé Bouclier de Toal
56%
Equipement Toal, Maison de Moï Volée Epee de Toal
56%
Equipement Galeries Balder, Citadelle Achat Armure Magique
52%
Equipement Citadelle (jeu de l'étoile) Mr.Loyal Carquois
52%
Arsenal Tous les donjons du jeu Pot Baba
51%
Equipement Galereis Balder (Cocorico), Boutique Goron Achat Bouclier en Bois
51%
Equipement Citadelle Machaon Bourse
51%
Equipement Boutique de Crahmé, Rapides de Lise, Village Zora Achat, Assistante Zora de Lise, Goron random Sac de Bombes
38%
Equipement Chez Link Coffre, Moï Epee de Bois
36%
Arsenal Galeries Balder, Cocorico Achat Oeil du Faucon
30%
Arsenal Temple Sylvestre, Boutique de Crahmé Achat Bombinsecte
27%
Equipement Forêt de Firone ??? Tenue du Héros
17%
Arsenal Village Oublié Impa Lien de l'Amitié
9%
Arsenal Cimetière de Cocorico Lars Boucle d'Oreille de Corail
8%
Aucun quiz correspondant
Distribution des résultats
% des personnes avec chaque résultat
Percentile par nombre de réponses
Votre historique - résultats
Vous n’avez pas pris ce quiz